000 00218nam a22000857a 4500
008 160920b xxu||||| |||| 00| 0 eng d
100 _9675
_aPal.Y.etal
245 _aSee Biology-X
260 _aNew Delhi
_bAPC Publications
_c2011
999 _c3332
_d3332